000 00525nam a22001577a 4500
005 20090211121240.0
008 090211t xxu||||| |||| 00| 0 eng d
245 _aEntomon
260 _aTrivandrum
_bAsociation for Advancement of Entomology
_c2008-
300 _av.
_c24 cm
310 _aQuarterly
270 _aUniversity of Kerala
_bTrivandrum
365 _eRs. 2000.00 annual subscription
942 _2ddc
_cSR
_mENT
_s1
999 _c23474
_d23474